| 000 | 005410000a22002410004500 | ||
|---|---|---|---|
| 005 | 20120302054059.0 | ||
| 942 | _cBOOK | ||
| 100 | _a Ikeda,Daisaku | ||
| 245 | _a Lasting peace | ||
| 260 | _aNew York:Weatherhill,1985 | ||
| 300 | _aix,299p | ||
| 040 | _aENG | ||
| 365 | _bRs. | ||
| 650 | _aHistory | ||
| 650 | _aLasting Peace | ||
| 650 | _aPhilosophy-Life | ||
| 650 | _aPhilosophy | ||
| 650 | _aModern Civilization | ||
| 650 | _aHuman Life | ||
| 650 | _aBuddhist Humanism | ||
| 650 | _aHuman Revolution | ||
| 650 | _aHealth | ||
| 999 |
_c344629 _d344626 |
||